header

Beating the odds (Record no. 13648)

MARC details
000 -LEADER
fixed length control field 01477nam a2200373Ia 4500
100 1# - MAIN ENTRY--AUTHOR NAME
Personal name Fox, M. Louise.
245 10 - TITLE STATEMENT
Title Beating the odds
260 ## - PUBLICATION, DISTRIBUTION, ETC. (IMPRINT)
Place of publication Washington, DC :
Name of publisher World Bank,
Year of publication c2008.
300 ## - PHYSICAL DESCRIPTION
Number of Pages xviii, 285 p. :
Other physical details ill., map.
490 1# - SERIES STATEMENT
Series statement Directions in development. Poverty
650 #0 - SUBJECT ADDED ENTRY--TOPICAL TERM
Topical Term Poverty
856 40 - ELECTRONIC LOCATION AND ACCESS
Uniform Resource Identifier http://site.ebrary.com/lib/rucke/Doc?id=10252451

No items available.

© 2026 Rongo University
Contact us: librarian | system librarian | Rongo university